| 000 | 01097cam a2200229 4500 | ||
|---|---|---|---|
| 001 | WB3809-24 | ||
| 008 | 020305n2002 000 0 eng u | ||
| 035 | _a(Sirsi) u116999 | ||
| 245 | _aProper working order | ||
| 260 | _c2002 | ||
| 490 |
_aEstates Gazette Case Summaries _v[2002] 09 EG 221 (CS) (02/03/02) |
||
| 520 | _aCA 20 February 2002. "O'Connor and others v Old Etonian Housing Association Ltd". Tenants (C) and others brought a claim for damages against landlord (O) for breach of contractual obligations under the Landlord and Tenant Act 1985 s11(1)(b) for failing to install a pump in order to increase water pressure. CA reversed HC decision which had ruled in favour of (C). CA allowed landlord's appeal. | ||
| 590 | _aWB | ||
| 650 | _aINSTALLATIONS | ||
| 650 | _aWATER PIPES | ||
| 650 | _aOBLIGATIONS | ||
| 650 | _aLANDLORD AND TENANT ACT 1985 S11(1)(B) | ||
| 650 | _aO'CONNOR AND OTHERS V OLD ETONIAN HOUSING ASSOCIATION LTD | ||
| 650 | _aWATER PRESSURES | ||
| 690 | _aPROPERTY-RESIDENTIAL PROPERTY-RESIDENTIAL LANDLORD AND TENANT-RESIDENTIAL TENANCIES | ||
| 942 | _n0 | ||
| 999 |
_c69690 _d69690 |
||